000 00562nam a2200193 i 4500
001 51729
003 ES-MaACL
005 20251114150613.0
007 t|
008 030818s1976 sp ||||1| spa d
100 1 _aQueen, Ellery.
_994493
245 1 3 _aEl cocinero del diablo /
_cEllery Queen ; [traducción Miguel Giménez Sales].
250 _a[1ª ed.].
260 _a[Barcelona :
_bPicazo,
_c1972]
300 _a194 p. ;
_c18 cm.
700 1 _aGiménez Sales, Miguel,
_d1922-
_957067
852 _aES-MaACL
_jC-52700
_bR.83034
999 _c51729
_d51729